[Event "POHÁR města Říčany 2024"]
[Site "Městské kulturní středisko U labutě"]
[Date "2024.07.01"]
[Round "4.30"]
[White "Masek, Tomas"]
[Black "Novotny, David"]
[Result "0-1"]
[WhiteElo "1699"]
[BlackElo "2034"]
[WhiteFideId "23755580"]
[BlackFideId "374083"]
[PlyCount "0"]
[EventDate "2024.06.29"]

1. d4 e6 2. c4 f5 3. Nf3 Nf6 4. g3 Be7 5. Bg2 O-O 6. O-O d6 7. Qc2 Nc6 8. a3 a5
9. Nc3 e5 10. d5 Nb8 11. Ng5 c6 12. Ne6 Bxe6 13. dxe6 e4 14. f3 d5 15. fxe4 fxe4
16. Bf4 Na6 17. Rad1 Nc5 18. Kh1 Rc8 19. Na4 Nxe6 20. Bh3 Nxf4 21. Bxc8 Qxc8
22. Rxf4 Ng4 23. Nb6 Qe6 24. cxd5 cxd5 25. Nxd5 Nf2+ 26. Kg2 Rxf4 27. Nxf4 Nxd1
28. Nxe6 Ne3+ 0-1

[Event "POHÁR města Říčany 2024"]
[Site "Městské kulturní středisko U labutě"]
[Date "2024.07.01"]
[Round "4.31"]
[White "Soukup, Alexandr"]
[Black "Meca, Viktor"]
[Result "0-1"]
[WhiteElo "1527"]
[BlackElo "1786"]
[WhiteFideId "23763469"]
[BlackFideId "23739800"]
[PlyCount "0"]
[EventDate "2024.06.29"]

1. b3 e5 2. Bb2 Nc6 3. e3 d5 4. Bb5 Bd6 5. Ne2 a6 6. Bxc6+ bxc6 7. d4 e4 8. Ba3
Bxa3 9. Nxa3 Qd6 10. Nb1 f5 11. Nd2 g5 12. h4 f4 13. hxg5 fxe3 14. fxe3 Bg4
15. Rh4 h5 16. Qc1 Bxe2 17. Kxe2 Qg3 18. Qh1 Ne7 19. Rf1 Ng6 20. Rxh5 Qg4+
21. Ke1 Rxh5 22. Qg1 Nh4 23. g3 Nf5 24. Qf2 Rxg5 25. Rh1 O-O-O 26. Nf1 Qf3
27. Rh3 Qxf2+ 28. Kxf2 Rf8 29. Ke2 Ng7 0-1

[Event "POHÁR města Říčany 2024"]
[Site "Městské kulturní středisko U labutě"]
[Date "2024.07.01"]
[Round "4.32"]
[White "Jankovsky, Zbynek"]
[Black "Zabehlicky, Jiri"]
[Result "0-1"]
[WhiteElo "1739"]
[BlackElo "1653"]
[WhiteFideId "23700521"]
[BlackFideId "339059"]
[PlyCount "0"]
[EventDate "2024.06.29"]

1. e4 e5 2. Nf3 Nc6 3. Bb5 a6 4. Ba4 Nf6 5. Nc3 d6 6. h3 Be7 7. d4 exd4 8. Nxd4
Bd7 9. Nxc6 bxc6 10. Qf3 O-O 11. O-O c5 12. Bb3 Be6 13. Nd5 Nxd5 14. exd5 Bd7
15. c4 Bf6 16. Rb1 Re8 17. Bc2 g6 18. Bd2 Bg7 19. b3 Qf6 20. Qxf6 Bxf6 21. Rfe1
Bg7 22. Rxe8+ Rxe8 23. Re1 Rxe1+ 24. Bxe1 Bf6 25. Be4 Bd8 26. g4 f6 27. f4 g5
28. fxg5 fxg5 29. Bc3 Be8 30. Kf2 Bg6 31. Bf5 Bxf5 32. gxf5 h5 33. Kf3 Kf7
34. Ke4 Bf6 35. Bxf6 Kxf6 36. h4 gxh4 37. Kf3 Kxf5 38. Kg2 Kg4 39. Kh2 a5 40. a3
h3 41. Kh1 Kg3 42. Kg1 h4 43. Kh1 Kf3 44. Kh2 Ke3 45. Kxh3 Kd3 0-1